Srdce furinu /
Komiks kreslený ve stylu manga je příběhem krátké snové pouti skrze světy japonské mytologie.
Uloženo v:
| Hlavní autor: | |
|---|---|
| Médium: | Kniha |
| Jazyk: | Czech |
| Vydáno: |
V Praze :
Labyrint,
2026
|
| Vydání: | 1. české vydání |
| Edice: | Komiks (Labyrint)
|
| Témata: | |
| Celkem bylo vypůjčeno: | 0x |
| Tagy: |
Žádné tagy |
| LEADER | 02484cam a2200493 i 4500 | ||
|---|---|---|---|
| 001 | 106157 | ||
| 003 | CZ PrNK | ||
| 005 | 20260417111141.0 | ||
| 007 | ta | ||
| 008 | 260225s2026 xr a c 6 000 1 cze | ||
| 015 | |a cnb003742741 | ||
| 020 | |a 9788088378532 |q (vázáno) | ||
| 040 | |a ABG001 |b cze |d OLA001 |d ABA001 |e rda | ||
| 072 | 7 | |a 741.52 |x Komiksy. Komiksové adaptace |2 Konspekt |9 21 | |
| 072 | 7 | |a 821-93 |x Literatura pro děti a mládež (beletrie) |2 Konspekt |9 26 | |
| 080 | |a 741.52(0:82-32) |2 MRF | ||
| 080 | |a 741.52(0:82-322.9) |2 MRF | ||
| 080 | |a 225 |2 MRF | ||
| 080 | |a 821-93 |2 MRF | ||
| 100 | 1 | |a Kratochvílová, Katarina, |d 1992- |7 ola20191024259 |4 aut |9 115738 |4 ill | |
| 245 | 1 | 0 | |a Srdce furinu / |c Katarina Kratochvílová |
| 250 | |a 1. české vydání | ||
| 264 | 1 | |a V Praze : |b Labyrint, |c 2026 | |
| 300 | |a 80 nečíslovaných stran : |b barevné ilustrace ; |c 24 cm | ||
| 336 | |a text |b txt |2 rdacontent | ||
| 336 | |a statický obraz |b sti |2 rdacontent | ||
| 337 | |a bez média |b n |2 rdamedia | ||
| 338 | |a svazek |b nc |2 rdacarrier | ||
| 490 | 1 | |a Labyrint komiks ; |v 40. svazek | |
| 520 | 2 | |a Komiks kreslený ve stylu manga je příběhem krátké snové pouti skrze světy japonské mytologie. |b Příběh jednoho horkého letního dne, kdy se sen proplétá se skutečností. Hlavní hrdinka Akari se propadne do světa skleněných zvonků - furinů -, v němž každý nový papírový portál otevírá úplně jinou říši obývanou magickými bytostmi japonské mytologie. Mrazivá moc sněžné paní juki onna, ostré drápy tengua ani lstivý pohled lišky kicune ji nesmí svést z cesty. Srdce furinu kmitá v silném větru a otevírá stále nové, neznámé cesty. Na jejich konci se skrývá skutečné srdce léta, které musí Akari teprve objevit. Nakladatelská anotace. | |
| 521 | 8 | |a Pro děti i starší čtenáře | |
| 650 | 0 | 7 | |a japonská mytologie |7 ph121293 |2 czenas |9 87287 |
| 650 | 0 | 9 | |a Japanese mythology |2 eczenas |
| 655 | 7 | |a manga |7 fd1057492 |2 czenas | |
| 655 | 7 | |a fantasy komiksy |7 fd1057473 |2 czenas | |
| 655 | 7 | |a publikace pro děti |7 fd133156 |2 czenas |9 23 | |
| 655 | 9 | |a fantasy comics |2 eczenas | |
| 655 | 9 | |a children's literature |2 eczenas | |
| 710 | 2 | |a Labyrint (nakladatelství) |7 kn20040314014 |4 pbl |9 117263 | |
| 830 | 0 | |a Komiks (Labyrint) | |
| 910 | |a UOG502 | ||
| 942 | |2 ddc |c KN | ||
| 999 | |d 106157 | ||
| 993 | |0 0 |1 421180106881 |2 ddc |4 0 |7 0 |9 99473 |b 0 |c 106881 |d 2026-04-17 |e 0 |f M |h 365.00 |i Koupě |l M |r 2026-04-17 |t 8 |w 2026-04-17 |y KN |z KOMIKS |n | ||